Tragedie di Sofocle / (Record no. 165507)
[ view plain ]
| 000 -LEADER | |
|---|---|
| campo de control de longitud fija | 01058nam a2200337 i 4500 |
| 001 - NÚMERO DE CONTROL | |
| campo de control | 165507 |
| 003 - IDENTIFICADOR DE NÚMERO DE CONTROL | |
| campo de control | ES-MaACL |
| 005 - FECHA Y HORA DE LA ÚLTIMA TRANSACCIÓN | |
| campo de control | 20250813015838.0 |
| 008 - DATOS DE LONGITUD FIJA--INFORMACIÓN GENERAL | |
| campo de control de longitud fija | 931025s1881 it |||| | ita d |
| 100 0# - ENTRADA PRINCIPAL--NOMBRE DE PERSONA | |
| Nombre de persona | Sófocles. |
| 9 (RLIN) | 107023 |
| 245 10 - MENCIÓN DEL TÍTULO | |
| Título | Tragedie di Sofocle / |
| Mención de responsabilidad, etc. | traduzione di Felice Bellotti ; con prefazione [de F. Sala]. |
| 250 ## - MENCION DE EDICION | |
| Mención de edición | Ed. stereotipa. |
| 260 ## - PUBLICACIÓN, DISTRIBUCIÓN, ETC. | |
| Lugar de publicación, distribución, etc. | Milano : |
| Nombre del editor, distribuidor, etc. | Edoardo Sonzogno, |
| Fecha de publicación, distribución, etc. | 1881. |
| 300 ## - DESCRIPCIÓN FÍSICA | |
| Extensión | 348 p. ; |
| Dimensiones | 19 cm. |
| 490 1# - MENCIÓN DE SERIE | |
| Mención de serie | Biblioteca Classica Economica ; |
| Designación de volumen o secuencia | 74 |
| 505 8# - NOTA DE CONTENIDO CON FORMATO | |
| Nota de contenido con formato | Contiene : Edipo rey ; Antigone ; Ajace ; Le Trachinie ; Elettra ; Filottete ; Edipo a Colono |
| 700 0# - ENTRADA AGREGADA--NOMBRE PERSONAL | |
| Nombre de persona | Bellotti, Felice. |
| 9 (RLIN) | 27279 |
| 700 1# - ENTRADA AGREGADA--NOMBRE PERSONAL | |
| Nombre de persona | Sala, F. |
| 9 (RLIN) | 132311 |
| 740 0# - ENTRADA AGREGADA--TÍTULO RELACIONADO/ANALÍTICO NO CONTROLADO | |
| Título relacionado o analítico no controlado | Edipo re. |
| 740 0# - ENTRADA AGREGADA--TÍTULO RELACIONADO/ANALÍTICO NO CONTROLADO | |
| Título relacionado o analítico no controlado | Antigone. |
| 740 0# - ENTRADA AGREGADA--TÍTULO RELACIONADO/ANALÍTICO NO CONTROLADO | |
| Título relacionado o analítico no controlado | Ajace. |
| 740 3# - ENTRADA AGREGADA--TÍTULO RELACIONADO/ANALÍTICO NO CONTROLADO | |
| Título relacionado o analítico no controlado | Le Trachinie. |
| 740 0# - ENTRADA AGREGADA--TÍTULO RELACIONADO/ANALÍTICO NO CONTROLADO | |
| Título relacionado o analítico no controlado | Elettra. |
| 740 0# - ENTRADA AGREGADA--TÍTULO RELACIONADO/ANALÍTICO NO CONTROLADO | |
| Título relacionado o analítico no controlado | Filottete. |
| 740 0# - ENTRADA AGREGADA--TÍTULO RELACIONADO/ANALÍTICO NO CONTROLADO | |
| Título relacionado o analítico no controlado | Edipo a Colono. |
| 752 ## - ENTRADA AGREGADA--NOMBRE JERÁRQUICO DEL LUGAR | |
| País o entidad superior | Italia - |
| Ciudad | Milán |
| 830 00 - PUNTO DE ACCESO ADICIONAL DE SERIE-TÍTULO UNIFORME | |
| Título uniforme | Biblioteca classica economica |
| Designación de volumen o secuencia | 74 |
| 9 (RLIN) | 182054 |
| 852 ## - LOCALIZACIÓN | |
| Ubicación | ES-MaACL |
| Número de control de estantería | F-10608 |
| Nota libre | -- Enc. hol. |
| Estatus retirado | Estado de pérdida | Estado de daño | No para préstamo | Colección | Biblioteca de origen | Biblioteca actual | Ubicación en estantería | Fecha de adquisición | Fuente de adquisición | Total de préstamos | Signatura topográfica completa | Código de barras | Visto por última vez | Precio de reemplazo | Tipo de ítem Koha |
|---|---|---|---|---|---|---|---|---|---|---|---|---|---|---|---|
| Libros del s. XIX | Biblioteca del Ateneo de Madrid | Biblioteca del Ateneo de Madrid | Sala Pecera Planta 2 | 17/01/2008 | F-10608 | 1173567 | 23/02/2023 | 23/02/2023 | Libro impreso antiguo |
